Teatro francés de vanguardia

Saved in:
Bibliographic Details
Main Authors: Schehade, Georges (Author), Adamov, Arthur (Author), Beckett, Samuel (Author), Ionesco, Eugène (Author)
Format: Book
Language:Spanish
Published: Madrid Aguilar 1963
Edition:3a. ed
Series:Teatro Contemporáneo
Subjects:
Tags: Add Tag
No Tags, Be the first to tag this record!

MARC

LEADER 00000cam a2200000 a 4500
001 UCE0718
003 CL-VaPUC
008 140227e19630000sp |||||||||||||||||spa|d
082 0 4 |a 842  |b SCH  |2 21 
100 0 |a Schehade, Georges  |e author  |9 573081 
700 0 |a Adamov, Arthur  |e author  |9 573082 
700 0 |a Beckett, Samuel  |e author  |9 573083 
700 |a Ionesco, Eugène  |e author  |9 318943 
245 1 0 |a Teatro francés de vanguardia 
246 1 0 |a Historia de Vasco 
246 1 0 |a Paolo Paoli 
246 1 0 |a Esperando a Godot 
246 1 4 |a Las sillas 
250 |a 3a. ed 
300 |a 405 p 
942 |c BK 
945 |d 20140227 11:27:00  |a dcastane 
260 |a Madrid  |b Aguilar  |c 1963 
650 7 |a DRAMAS FRANCESES  |2 CL-VaPUC  |9 267189 
650 0 |a Teatro francés  |9 265089 
650 0 |a Literatura francesa  |9 266330 
583 |a last modification  |c 20140227 11:27:00  |k Rodrigo Vera 
490 0 |a Teatro Contemporáneo 
999 |c 354769  |d 354767 
952 |0 0  |1 0  |3 erb  |4 0  |6 842_000000000000000_SCH_1963  |7 0  |8 A  |9 460926  |a BIBART  |b BIBART  |i 5006422  |o 842 SCH 1963  |p 5006422  |r 2025-03-13  |w 2019-11-23  |y BK  |z Catalogado en:20140227  |k ART